[Event "Bydgoszcz Bank Pocztowy op"]
[Site "Bydgoszcz"]
[Date "1999.07.14"]
[Round "3"]
[White "Sosnicki, Michal"]
[Black "Fedorchuk, Sergey A"]
[Result "0-1"]
[WhiteElo "2335"]
[BlackElo "2457"]
[PlyCount "46"]
[EventDate "1999.07.12"]
[EventType "swiss"]
[EventRounds "10"]
[EventCountry "POL"]
[SourceTitle "EXT 2000"]
[Source "ChessBase"]
[SourceDate "1999.11.16"]
[SourceVersion "1"]
[SourceVersionDate "1999.11.16"]
[SourceQuality "1"]

1. d4 Nf6 2. c4 e6 3. Nf3 b6 4. g3 Ba6 5. b3 Bb4+ 6. Bd2 Be7 7. Bg2 c6 8. 0-0 d5 9. Qc2 Nbd7 10. cxd5 cxd5 11. Nc3 Rc8 12. Qb2 Ne4 13. Rfc1 0-0 14. Bf1 f5 15. Bf4 g5 16. Be5 Bb4 17. Nxe4 fxe4 18. Rxc8 Bxc8 19. a3 Be7 20. Ne1 Nxe5 21. dxe5 Bc5 22. e3 d4 23. Rd1 dxe3 0-1

[Event "POL-ch 56th"]
[Site "Polanica Zdroj"]
[Date "1999.05.02"]
[Round "9"]
[White "Sosnicki, Michal"]
[Black "Kempinski, Robert"]
[Result "1/2-1/2"]
[WhiteElo "2286"]
[BlackElo "2533"]
[PlyCount "88"]
[EventDate "1999.04.23"]
[EventType "tourn"]
[EventRounds "13"]
[EventCountry "POL"]
[EventCategory "8"]
[SourceTitle "CBM 070 Extra"]
[Source "ChessBase"]
[SourceDate "1999.07.10"]
[SourceVersion "1"]
[SourceVersionDate "1999.07.10"]
[SourceQuality "1"]

1. d4 Nf6 2. Nf3 g6 3. c4 Bg7 4. g3 0-0 5. Bg2 d6 6. 0-0 Nbd7 7. Nc3 e5 8. e4 c6 9. h3 Ne8 10. Rb1 Nc7 11. d5 c5 12. a3 f5 13. exf5 gxf5 14. Ng5 Nf6 15. b4 h6 16. Nf3 e4 17. Nh4 Nd7 18. Ne2 cxb4 19. axb4 Ne5 20. Nf4 Nxc4 21. Nh5 Ne5 22. Nxg7 Kxg7 23. Bb2 Kh7 24. Ba1 Bd7 25. Re1 Nb5 26. f4 Nc4 27. Qe2 Nca3 28. Rbc1 Qe7 29. Qh5 Qe8 30. Qxe8 Rfxe8 31. g4 Rac8 32. Nxf5 Rxc1 33. Rxc1 e3 34. Ng7 Re7 35. Nh5 Kg6 36. f5+ Kf7 37. f6 Re8 38. Ng7 Rc8 39. Rxc8 Bxc8 40. Be4 Nc4 41. Bd3 Nba3 42. Kf1 Ne5 43. Bxe5 dxe5 44. Ke2 Kxf6 1/2-1/2

[Event "POL-ch 56th"]
[Site "Polanica Zdroj"]
[Date "1999.04.29"]
[Round "7"]
[White "Sosnicki, Michal"]
[Black "Jakubiec, Artur"]
[Result "1-0"]
[WhiteElo "2286"]
[BlackElo "2428"]
[PlyCount "71"]
[EventDate "1999.04.23"]
[EventType "tourn"]
[EventRounds "13"]
[EventCountry "POL"]
[EventCategory "8"]
[SourceTitle "CBM 070 Extra"]
[Source "ChessBase"]
[SourceDate "1999.07.10"]
[SourceVersion "1"]
[SourceVersionDate "1999.07.10"]
[SourceQuality "1"]

1. d4 Nf6 2. c4 d6 3. Nc3 e5 4. Nf3 Nc6 5. d5 Ne7 6. e4 h6 7. h3 g6 8. Be3 Bg7 9. Be2 c5 10. g4 g5 11. Qd2 Ng6 12. 0-0-0 a6 13. Kb1 Bd7 14. Bd3 Qb8 15. Ne2 b5 16. Ng3 Nf4 17. Rc1 Qb7 18. Ne1 Rb8 19. f3 h5 20. Nf5 Bxf5 21. gxf5 h4 22. Bxf4 exf4 23. e5 dxe5 24. Be4 Nd7 25. Nd3 Bf8 26. Rhg1 f6 27. Nf2 Bd6 28. Bd3 Ke7 29. Ne4 Qb6 30. Rc2 Rb7 31. Qg2 Kd8 32. cxb5 axb5 33. Bxb5 Ke7 34. Bxd7 Rxd7 35. Nxf6 Qa7 36. Qxg5 1-0

[Event "POL-ch 56th"]
[Site "Polanica Zdroj"]
[Date "1999.04.28"]
[Round "6"]
[White "Grabarczyk, Bogdan"]
[Black "Sosnicki, Michal"]
[Result "1/2-1/2"]
[WhiteElo "2380"]
[BlackElo "2286"]
[PlyCount "134"]
[EventDate "1999.04.23"]
[EventType "tourn"]
[EventRounds "13"]
[EventCountry "POL"]
[EventCategory "8"]
[SourceTitle "CBM 070 Extra"]
[Source "ChessBase"]
[SourceDate "1999.07.10"]
[SourceVersion "1"]
[SourceVersionDate "1999.07.10"]
[SourceQuality "1"]

1. e4 e5 2. Nc3 Nf6 3. f4 d5 4. exd5 exf4 5. Bb5+ Nbd7 6. d4 Bb4 7. Qe2+ Qe7 8. Qxe7+ Kxe7 9. Bxf4 Nxd5 10. Bg5+ f6 11. Bd2 Nxc3 12. bxc3 Ba5 13. 0-0-0 Nb6 14. Re1+ Kd8 15. Ne2 Be6 16. a3 c6 17. Nf4 Bf7 18. Bd3 Nd5 19. Ne6+ Bxe6 20. Rxe6 Re8 21. Rxe8+ Kxe8 22. c4 Nc3 23. Re1+ Kf7 24. Re3 Rd8 25. Bxh7 Na2+ 26. Kd1 Rxd4 27. Bd3 Nc3+ 28. Ke1 b6 29. Rh3 Rd8 30. Kf1 Na4 31. Bxa5 bxa5 32. Rh5 c5 33. Ke2 Re8+ 34. Kf3 Rd8 35. g4 Rd4 36. Be4 Nc3 37. Bd3 Na4 38. h3 Ke6 39. Ke2 Kd6 40. Rh7 g5 41. Rxa7 Nc3+ 42. Kf3 a4 43. Ke3 Nd1+ 44. Ke2 Nb2 45. Ra6+ Ke7 46. Ra8 Kd7 47. Ra5 Kd6 48. Ra7 Rf4 49. Bf5 Rd4 50. Ra6+ Ke7 51. Re6+ Kf7 52. Rc6 Nxc4 53. Rxc5 Nxa3 54. Rc7+ Kf8 55. Bd3 Rb4 56. Ra7 Nc4 57. Bxc4 Rxc4 58. Kd3 Rf4 59. c4 Rf3+ 60. Kd4 Rxh3 61. c5 Ke8 62. Rxa4 Kd7 63. Kd5 Rd3+ 64. Rd4 Re3 65. Re4 Rd3+ 66. Kc4 Rf3 67. Kd4 f5 1/2-1/2

[Event "POL-ch 56th"]
[Site "Polanica Zdroj"]
[Date "1999.04.27"]
[Round "5"]
[White "Sosnicki, Michal"]
[Black "Ehrenfeucht, Wojciech"]
[Result "0-1"]
[WhiteElo "2286"]
[BlackElo "2337"]
[PlyCount "54"]
[EventDate "1999.04.23"]
[EventType "tourn"]
[EventRounds "13"]
[EventCountry "POL"]
[EventCategory "8"]
[SourceTitle "CBM 070 Extra"]
[Source "ChessBase"]
[SourceDate "1999.07.10"]
[SourceVersion "1"]
[SourceVersionDate "1999.07.10"]
[SourceQuality "1"]

1. Nf3 c5 2. g3 g6 3. Bg2 Bg7 4. d4 cxd4 5. Nxd4 Nc6 6. Nb3 Nf6 7. 0-0 d6 8. Nc3 Bg4 9. h3 Be6 10. e4 Qd7 11. Kh2 h5 12. Nd5 Ng4+ 13. hxg4 hxg4+ 14. Kg1 0-0-0 15. Be3 Rh5 16. Nf4 Rdh8 17. Nxh5 Rxh5 18. Nd4 Ne5 19. Nxe6 Qxe6 20. Bf4 Nc4 21. Rb1 g5 22. Bd2 Bxb2 23. e5 dxe5 24. Bc1 Bd4 25. c3 Bb6 26. Bd5 Qf5 27. Bxc4 Qe4 0-1

[Event "POL-ch 56th"]
[Site "Polanica Zdroj"]
[Date "1999.04.24"]
[Round "2"]
[White "Socko, Bartosz"]
[Black "Sosnicki, Michal"]
[Result "1-0"]
[WhiteElo "2497"]
[BlackElo "2286"]
[PlyCount "63"]
[EventDate "1999.04.23"]
[EventType "tourn"]
[EventRounds "13"]
[EventCountry "POL"]
[EventCategory "8"]
[SourceTitle "CBM 070 Extra"]
[Source "ChessBase"]
[SourceDate "1999.07.10"]
[SourceVersion "1"]
[SourceVersionDate "1999.07.10"]
[SourceQuality "1"]

1. e4 c5 2. Nf3 e6 3. d4 cxd4 4. Nxd4 Nc6 5. Nc3 Qc7 6. Be3 a6 7. Be2 Nf6 8. a3 Be7 9. f4 d6 10. Qd2 Bd7 11. 0-0-0 Nxd4 12. Bxd4 Bc6 13. Bf3 b5 14. g4 Qb7 15. Rhe1 0-0 16. g5 Nd7 17. Nd5 exd5 18. exd5 Bxd5 19. Bxd5 Qxd5 20. Rxe7 Qa2 21. c3 Rad8 22. Ba7 b4 23. axb4 a5 24. b5 Qa1+ 25. Kc2 Qa4+ 26. Kb1 Qxb5 27. Qxd6 Ne5 28. Qxd8 Nc4 29. Re2 Na3+ 30. Ka2 Qxe2 31. Kxa3 Rxd8 32. Rxd8+ 1-0

[Event "Krakow op-A"]
[Site "Krakow"]
[Date "1999.??.??"]
[Round "?"]
[White "Murdzia, Piotr"]
[Black "Sosnicki, Michal"]
[Result "1-0"]
[WhiteElo "2441"]
[BlackElo "2286"]
[PlyCount "57"]
[EventDate "1999.??.??"]
[EventType "swiss"]
[EventRounds "11"]
[EventCountry "POL"]
[SourceTitle "EXT 2002"]
[Source "ChessBase"]
[SourceDate "2001.11.25"]
[SourceVersion "1"]
[SourceVersionDate "2001.11.25"]
[SourceQuality "1"]

1. d4 Nf6 2. c4 e6 3. Nf3 Bb4+ 4. Nbd2 b6 5. g3 Bb7 6. Bg2 0-0 7. 0-0 d5 8. Qc2 Nbd7 9. a3 Be7 10. b4 c5 11. cxd5 exd5 12. bxc5 bxc5 13. dxc5 Nxc5 14. Nd4 Rc8 15. Bh3 Ne6 16. Qd3 Nxd4 17. Qxd4 Bc5 18. Qb2 Rb8 19. Nb3 Ba6 20. Qc2 Rxb3 21. Qxb3 Bxe2 22. Re1 Ba6 23. Be3 d4 24. Bd2 Nd5 25. Re5 d3 26. Qxd5 Bxf2+ 27. Kxf2 Qb6+ 28. Qc5 Qb2 29. Rd1 1-0

[Event "POL-chT 2nd div South"]
[Site "Polanica Zdroj"]
[Date "1999.??.??"]
[Round "7"]
[White "Szmyd, Marek"]
[Black "Sosnicki, Michal"]
[Result "0-1"]
[WhiteElo "2205"]
[BlackElo "2286"]
[PlyCount "48"]
[EventDate "1999.09.17"]
[EventType "team-swiss"]
[EventRounds "10"]
[EventCountry "POL"]
[SourceTitle "EXT 2001"]
[Source "ChessBase"]
[SourceDate "2000.11.22"]
[SourceVersion "1"]
[SourceVersionDate "2000.11.22"]
[SourceQuality "1"]
[WhiteTeam "POL-chT 2nd div South 19"]
[BlackTeam "POL-chT 2nd div South 17"]
[WhiteTeamCountry "POL"]
[BlackTeamCountry "POL"]

1. d4 Nf6 2. c4 e6 3. Nc3 Bb4 4. e3 0-0 5. Qc2 d5 6. a3 Be7 7. Nf3 b6 8. b3 Bb7 9. Be2 dxc4 10. bxc4 c5 11. 0-0 cxd4 12. exd4 Nbd7 13. Be3 a6 14. Rfd1 Qc7 15. Qb3 Rac8 16. Rab1 Ng4 17. Ne5 Nxe3 18. fxe3 Nxe5 19. dxe5 Bg5 20. Nd5 Qxe5 21. Nxb6 Bxe3+ 22. Kh1 Bxb6 23. Qxb6 Bxg2+ 24. Kxg2 Qxe2+ 0-1

[Event "POL-chT 54th"]
[Site "Lubniewice"]
[Date "1998.11.03"]
[Round "3"]
[White "Grabarczyk, Miroslaw"]
[Black "Sosnicki, Michal"]
[Result "1/2-1/2"]
[WhiteElo "2470"]
[BlackElo "2355"]
[PlyCount "53"]
[EventDate "1998.11.01"]
[EventType "team-tourn"]
[EventRounds "9"]
[EventCountry "POL"]
[SourceTitle "EXT 2019"]
[Source "ChessBase"]
[SourceDate "2018.10.10"]
[SourceVersion "1"]
[SourceVersionDate "2018.10.10"]
[SourceQuality "1"]
[WhiteTeam "Niedobczyce Rymer"]
[BlackTeam "Glogow MOK Chrobry"]
[WhiteTeamCountry "POL"]
[BlackTeamCountry "POL"]

1. d4 Nf6 2. c4 e6 3. Nf3 d5 4. g3 Bb4+ 5. Bd2 Be7 6. Bg2 0-0 7. 0-0 c6 8. Qc2 b6 9. b3 Nbd7 10. Rd1 Bb7 11. Nc3 Rc8 12. e4 c5 13. exd5 exd5 14. Bf4 Re8 15. dxc5 dxc4 16. b4 bxc5 17. b5 a6 18. bxa6 Bc6 19. Ne5 Bxg2 20. Kxg2 Qb6 21. Nxc4 Qxa6 22. Qb3 Nf8 23. Qb5 Qa8+ 24. Kg1 Qf3 25. Qb2 Ng6 26. Bg5 Rb8 27. Qc2 1/2-1/2

[Event "MK Cafe Cup-A"]
[Site "Koszalin"]
[Date "1998.08.09"]
[Round "7"]
[White "Izeta Txabarri, Felix"]
[Black "Sosnicki, Michal"]
[Result "1-0"]
[WhiteElo "2445"]
[BlackElo "2355"]
[PlyCount "58"]
[EventDate "1998.08.03"]
[EventType "swiss"]
[EventRounds "10"]
[EventCountry "POL"]
[SourceTitle "CBM 065 Extra"]
[Source "ChessBase"]
[SourceDate "1998.09.09"]
[SourceVersion "1"]
[SourceVersionDate "1998.09.09"]
[SourceQuality "1"]

1. d4 d5 2. c4 c6 3. Nf3 Nf6 4. Nc3 e6 5. e3 Nbd7 6. Bd3 dxc4 7. Bxc4 b5 8. Bd3 a6 9. e4 c5 10. e5 cxd4 11. Ne4 Nd5 12. 0-0 Qc7 13. Bg5 Nxe5 14. Nxe5 Qxe5 15. Re1 Qc7 16. Rc1 Qd7 17. Bb1 h6 18. Bd2 Bb7 19. Qg4 Nf6 20. Nxf6+ gxf6 21. Be4 Bd6 22. Bxb7 Qxb7 23. Qxd4 Ke7 24. Bc3 e5 25. Bb4 Bxb4 26. Qxb4+ Ke6 27. Qg4+ Ke7 28. Qh4 Ke6 29. f4 Qb8 1-0

[Event "MK Cafe Cup-A"]
[Site "Koszalin"]
[Date "1998.08.07"]
[Round "5"]
[White "Schmidt, Wlodzimierz"]
[Black "Sosnicki, Michal"]
[Result "1/2-1/2"]
[WhiteElo "2445"]
[BlackElo "2355"]
[PlyCount "44"]
[EventDate "1998.08.03"]
[EventType "swiss"]
[EventRounds "10"]
[EventCountry "POL"]
[SourceTitle "CBM 065 Extra"]
[Source "ChessBase"]
[SourceDate "1998.09.09"]
[SourceVersion "1"]
[SourceVersionDate "1998.09.09"]
[SourceQuality "1"]

1. Nf3 d5 2. d4 Nf6 3. c4 e6 4. Nc3 c6 5. e3 Nbd7 6. Qd2 b6 7. Bd3 Bb7 8. 0-0 Be7 9. Rb1 dxc4 10. Bxc4 c5 11. Qe2 0-0 12. Rd1 Qc7 13. Ba6 Rfd8 14. Bd2 cxd4 15. Nxd4 Bxa6 16. Qxa6 Ng4 17. g3 Qc5 18. Qb7 Qh5 19. Qg2 Bc5 20. h3 Nge5 21. g4 Qg6 22. Nce2 Nf6 1/2-1/2

[Event "MK Cafe Cup-A"]
[Site "Koszalin"]
[Date "1998.08.05"]
[Round "3"]
[White "Sosnicki, Michal"]
[Black "Volzhin, Alexander"]
[Result "0-1"]
[WhiteElo "2355"]
[BlackElo "2530"]
[PlyCount "84"]
[EventDate "1998.08.03"]
[EventType "swiss"]
[EventRounds "10"]
[EventCountry "POL"]
[SourceTitle "CBM 065 Extra"]
[Source "ChessBase"]
[SourceDate "1998.09.09"]
[SourceVersion "1"]
[SourceVersionDate "1998.09.09"]
[SourceQuality "1"]

1. d4 Nf6 2. c4 e6 3. Nc3 Bb4 4. e3 c5 5. Nge2 b6 6. a3 Ba5 7. Rb1 Na6 8. Bd2 0-0 9. d5 d6 10. f3 Bxc3 11. Nxc3 exd5 12. cxd5 Nh5 13. g3 f5 14. Bd3 Nc7 15. 0-0 Nf6 16. Qc2 Qd7 17. e4 fxe4 18. fxe4 Ba6 19. Bxa6 Nxa6 20. Bf4 Rae8 21. Rbe1 Nc7 22. b4 Ng4 23. bxc5 bxc5 24. Rb1 Rb8 25. Qe2 h5 26. h3 Nf6 27. Bxd6 Rxb1 28. Rxb1 Qxd6 29. e5 Qd8 30. exf6 Qxf6 31. Qe3 Qf5 32. Qxc5 Ne6 33. Qe3 Ng5 34. h4 Nf3+ 35. Kg2 Qc2+ 36. Qe2 Qxc3 37. Rf1 Qd2 38. Qxd2 Nxd2 39. Re1 Rd8 40. Re7 a5 41. Re5 Nc4 42. Rxh5 a4 0-1

[Event "POL-ch 55th"]
[Site "Ksiaz"]
[Date "1998.03.25"]
[Round "12"]
[White "Sosnicki, Michal"]
[Black "Hnydiuk, Aleksander"]
[Result "1-0"]
[WhiteElo "2385"]
[BlackElo "2355"]
[PlyCount "57"]
[EventDate "1998.03.12"]
[EventType "tourn"]
[EventRounds "13"]
[EventCountry "POL"]
[EventCategory "9"]
[SourceTitle "CBM 063 Extra"]
[Source "ChessBase"]
[SourceDate "1998.04.29"]
[SourceVersion "1"]
[SourceVersionDate "1998.04.29"]
[SourceQuality "1"]

1. d4 d5 2. c4 dxc4 3. Nf3 e6 4. e3 Nf6 5. Bxc4 c5 6. 0-0 a6 7. Bb3 cxd4 8. exd4 Nc6 9. Nc3 Be7 10. Re1 0-0 11. a3 Na5 12. Bc2 b5 13. Qd3 Bb7 14. Bg5 g6 15. Rad1 Rc8 16. Ne5 Nc4 17. Nxc4 bxc4 18. Qh3 Nd5 19. Bh6 Re8 20. Ne4 Nf6 21. Ng5 Qb6 22. Ba4 Red8 23. Nxe6 fxe6 24. Rxe6 Qc7 25. Rde1 Bf8 26. Rxf6 Bxh6 27. Qxh6 Rxd4 28. Rfe6 Qf7 29. Re7 1-0

[Event "POL-ch 55th"]
[Site "Ksiaz"]
[Date "1998.03.24"]
[Round "11"]
[White "Urban, Klaudiusz"]
[Black "Sosnicki, Michal"]
[Result "1/2-1/2"]
[WhiteElo "2480"]
[BlackElo "2385"]
[PlyCount "50"]
[EventDate "1998.03.12"]
[EventType "tourn"]
[EventRounds "13"]
[EventCountry "POL"]
[EventCategory "9"]
[SourceTitle "CBM 063 Extra"]
[Source "ChessBase"]
[SourceDate "1998.04.29"]
[SourceVersion "1"]
[SourceVersionDate "1998.04.29"]
[SourceQuality "1"]

1. c4 Nf6 2. Nc3 e5 3. g3 Nc6 4. Bg2 Bc5 5. e3 0-0 6. Nge2 d5 7. cxd5 Nb4 8. d4 exd4 9. exd4 Bb6 10. 0-0 Nbxd5 11. Bg5 Nxc3 12. bxc3 h6 13. Be3 c6 14. Qd3 Re8 15. h3 Nd5 16. Bd2 Qf6 17. Rfe1 Bf5 18. Qf3 Be4 19. Qxf6 Nxf6 20. Rac1 Ba5 21. Bxe4 Rxe4 22. f3 Re7 23. Nf4 Rae8 24. Rxe7 Rxe7 25. Kf2 Ne8 1/2-1/2

[Event "POL-ch 55th"]
[Site "Ksiaz"]
[Date "1998.03.18"]
[Round "6"]
[White "Gdanski, Jacek"]
[Black "Sosnicki, Michal"]
[Result "1/2-1/2"]
[WhiteElo "2520"]
[BlackElo "2385"]
[PlyCount "41"]
[EventDate "1998.03.12"]
[EventType "tourn"]
[EventRounds "13"]
[EventCountry "POL"]
[EventCategory "9"]
[SourceTitle "CBM 063 Extra"]
[Source "ChessBase"]
[SourceDate "1998.04.29"]
[SourceVersion "1"]
[SourceVersionDate "1998.04.29"]
[SourceQuality "1"]

1. e4 e6 2. d4 d5 3. e5 c5 4. c3 Qb6 5. Nf3 Bd7 6. Be2 cxd4 7. cxd4 Bb5 8. Qb3 Bxe2 9. Qxb6 axb6 10. Kxe2 Nc6 11. Nc3 h5 12. h3 Kd7 13. Be3 Nh6 14. a3 Be7 15. Rhg1 h4 16. Bxh6 Rxh6 17. Kd3 Na5 18. Nd2 Bg5 19. Nf3 Be7 20. Nd2 Bg5 21. Nf3 1/2-1/2

[Event "Swidnica op rap"]
[Site "Swidnica"]
[Date "1998.??.??"]
[Round "?"]
[White "Grabarczyk, Miroslaw"]
[Black "Sosnicki, Michal"]
[Result "1-0"]
[WhiteElo "2505"]
[BlackElo "2385"]
[PlyCount "211"]
[EventDate "1998.??.??"]
[EventType "swiss"]
[EventRounds "9"]
[EventCountry "POL"]
[SourceTitle "EXT 2003"]
[Source "ChessBase"]
[SourceDate "2002.11.25"]
[SourceVersion "1"]
[SourceVersionDate "2002.11.25"]
[SourceQuality "1"]

1. d4 Nf6 2. c4 e6 3. Nf3 d5 4. Nbd2 b6 5. g3 Bb7 6. Bg2 Bd6 7. 0-0 0-0 8. e4 Nxe4 9. Nxe4 dxe4 10. Ng5 Be7 11. Nxe4 Qc8 12. Qc2 Nd7 13. Bf4 Re8 14. Rad1 Nf6 15. d5 exd5 16. Nxf6+ Bxf6 17. Bxd5 Bxd5 18. cxd5 Be5 19. Bxe5 Rxe5 20. Qc6 Qd8 21. Rfe1 Rxe1+ 22. Rxe1 a5 23. a4 g6 24. h4 h5 25. Re4 Kg7 26. Rf4 Kg8 27. Rd4 Kg7 28. d6 cxd6 29. Rxd6 Rc8 30. Qxb6 Qxb6 31. Rxb6 Rc4 32. b3 Rc1+ 33. Kg2 Rb1 34. Rb5 Rb2 35. Kf3 f6 36. Ke3 Kh6 37. Rb6 Kg7 38. Rb5 Kh6 39. f3 g5 40. Rb6 gxh4 41. gxh4 Kg6 42. Rb5 Rb1 43. Kf4 Rb2 44. Rb8 Rb1 45. Rb7 Rb2 46. Rb5 Rb1 47. Kg3 Rb2 48. Kf4 Rb1 49. Ke3 Rb2 50. Kd3 Rf2 51. Rxa5 Rxf3+ 52. Kc2 Rf4 53. Ra8 Rxh4 54. a5 Rh2+ 55. Kd3 h4 56. a6 Ra2 57. b4 h3 58. b5 h2 59. Rh8 Kg7 60. Rxh2 Rxh2 61. b6 Ra2 62. a7 Ra6 63. Kc4 Rxb6 64. a8Q Re6 65. Qg2+ Kf8 66. Qg6 Ke7 67. Qg7+ Kd6 68. Kd4 Kc6 69. Qg2+ Kd6 70. Qg8 Re5 71. Qf7 Re6 72. Qg7 Kc6 73. Qg8 Kd7 74. Qf8 Kc6 75. Kc4 Re4+ 76. Kd3 Re6 77. Kd4 Kd7 78. Kc5 Re5+ 79. Kb6 Ke6 80. Kc6 Kf5 81. Kd6 Re6+ 82. Kd7 Re5 83. Qh6 Re4 84. Qh5+ Kf4 85. Qh6+ Kf5 86. Kd6 Re6+ 87. Kd5 Re5+ 88. Kd4 Ke6 89. Qg7 Rg5 90. Qc7 Re5 91. Qh7 Rg5 92. Qh3+ Ke7 93. Qa3+ Kf7 94. Qa7+ Ke6 95. Qb8 Re5 96. Qf8 Rg5 97. Qe8+ Kd6 98. Qf7 Rg4+ 99. Ke3 Ke5 100. Qc7+ Kf5 101. Kf3 Rg5 102. Qf7 Ke5 103. Qe7+ Kd5 104. Qxf6 Re5 105. Kf4 Re4+ 106. Kf5 1-0

[Event "Pardubice Czech op"]
[Site "Pardubice"]
[Date "1998.??.??"]
[Round "4"]
[White "Sergeev, Vladimir"]
[Black "Sosnicki, Michal"]
[Result "1-0"]
[WhiteElo "2465"]
[BlackElo "2385"]
[PlyCount "103"]
[EventDate "1998.07.??"]
[EventType "swiss"]
[EventRounds "9"]
[EventCountry "CZE"]
[SourceTitle "EXT 1999"]
[Source "ChessBase"]
[SourceDate "1998.11.16"]
[SourceVersion "1"]
[SourceVersionDate "1998.11.16"]
[SourceQuality "1"]

1. Nf3 Nf6 2. g3 d5 3. Bg2 Bf5 4. 0-0 c6 5. b3 e6 6. Bb2 Be7 7. d3 h6 8. Nbd2 0-0 9. c4 Nbd7 10. a3 a5 11. Ra2 Bh7 12. Qa1 Re8 13. Rc1 Bd6 14. Ne5 Nxe5 15. Bxe5 Bxe5 16. Qxe5 Qe7 17. h3 Kf8 18. Qc3 Qd6 19. Nf3 e5 20. cxd5 Nxd5 21. Qc5 Qxc5 22. Rxc5 e4 23. dxe4 Bxe4 24. Nd4 Bxg2 25. Kxg2 Re5 26. Rac2 Rae8 27. Kf3 Nc7 28. g4 Ne6 29. Nxe6+ R8xe6 30. h4 Rxc5 31. Rxc5 b6 32. Rc3 Ke7 33. h5 Kd6 34. Rd3+ Kc7 35. e4 b5 36. Ke3 c5 37. Rd5 Kc6 38. Rd8 f6 39. Rc8+ Kb6 40. Rb8+ Kc6 41. Rc8+ Kb6 42. Rb8+ Kc6 43. a4 bxa4 44. bxa4 Rd6 45. Rb5 c4 46. Rxa5 Rd3+ 47. Ke2 Ra3 48. Ra7 Kc5 49. f3 Kd4 50. Rd7+ Ke5 51. Rxg7 Kf4 52. Rf7 1-0

[Event "Swidnica op rap"]
[Site "Swidnica"]
[Date "1998.??.??"]
[Round "?"]
[White "Sosnicki, Michal"]
[Black "Berelowitsch, Alexander"]
[Result "1-0"]
[WhiteElo "2385"]
[BlackElo "2515"]
[PlyCount "93"]
[EventDate "1998.??.??"]
[EventType "swiss"]
[EventRounds "9"]
[EventCountry "POL"]
[SourceTitle "EXT 2003"]
[Source "ChessBase"]
[SourceDate "2002.11.25"]
[SourceVersion "1"]
[SourceVersionDate "2002.11.25"]
[SourceQuality "1"]

1. d4 Nf6 2. c4 e6 3. Nc3 c5 4. d5 exd5 5. cxd5 d6 6. e4 g6 7. Nf3 Bg7 8. h3 0-0 9. Bg5 Re8 10. Bd3 h6 11. Be3 a6 12. a4 Nbd7 13. 0-0 Ne5 14. Nxe5 Rxe5 15. f4 Re8 16. Qf3 Qc7 17. e5 dxe5 18. fxe5 Qxe5 19. Bxc5 Bd7 20. Qf2 Bf5 21. Bxf5 Qxf5 22. Qxf5 gxf5 23. Bd4 Rad8 24. Rad1 f4 25. Rxf4 Nxd5 26. Rg4 f6 27. Nxd5 Rxd5 28. Rxg7+ Kxg7 29. Bxf6+ Kxf6 30. Rxd5 Re4 31. a5 Re6 32. Rd7 b6 33. b4 bxa5 34. bxa5 Kf5 35. Rd5+ Ke4 36. Rh5 Ke3 37. Kh2 Kf4 38. g3+ Kf3 39. Rf5+ Ke4 40. g4 Rc6 41. Kg3 Rc3+ 42. Kh4 Ra3 43. Rh5 Kf3 44. Rxh6 Rxa5 45. Rf6+ Ke4 46. g5 Ke5 47. Kh5 1-0